000 00281nam a22001217a 4500
008 170621b xxu||||| |||| 00| 0 eng d
041 _aeng
080 _a327
100 _a18
101 _aSHH
245 _aWAR PEACE AND INTERNATIONAL POLITICS
_cZIEGLER.D.W
942 _2udc
_cBK
999 _c18476
_d18476